| 000 | 02681nam a22004337a 4500 | ||
|---|---|---|---|
| 001 | 000094754 | ||
| 003 | CHAP | ||
| 005 | 20251010144206.0 | ||
| 008 | 051026d2005 mx abd r 00110 spa d | ||
| 010 | _a91220 | ||
| 011 | _a92192 | ||
| 035 | _a102755 | ||
| 040 | _cCHAP | ||
| 090 | _aTesis | ||
| 100 | 0 | 0 | _aMacías Rodríguez, Hilario. |
| 245 | 1 | 0 |
_aUso de un sistema para el auxilio en la toma de decisiones relativas al manejo integral del agua en el DR 017, Coah. y Dgo. / _cpor Hilario Macías Rodríguez; director Ignacio Sánchez Cohen |
| 264 | 1 |
_aBermejillo, Durango : _bEl autor, _c2005. |
|
| 300 |
_a32 h. : _bilus. ; gráfs. ; mapa ; cuadros ; diagrama. |
||
| 502 |
_bMaestro en Ciencias en Recursos Naturales y Medio Ambiente en Zonas Áridas. _cUnidad Regional Universitaria de Zonas Áridas, _d2005. |
||
| 520 | _aSe hace la propuesta de la aplicación de un Sistema Soporte de Decisiones (DSS) en la operativa del DR 017 Coah. y Dgo., para incrementar la productividad del agua de riego. Acorde a objetivos y alternativas consensuadas por los usuarios, se evaluaron tres criterios de ordenación jerárquica para toma de decisiones: técnico, económico y social. Acorde a los análisis, si se tomara una decisión conforme a un criterio técnico, las mejores alternativas serían dar precio real al agua y rehabilitación de infraestructura hidráulica con escores de 0.87 y 0.88 respectivamente; por otro lado, el criterio económico arroja que las alternativas viables serían dar precio real al agua (0.88) y dotación volumétrica (0.80). Si se considerase el criterio social, las mejores alternativas serían dar precio real al agua (0.88) y conocimiento base para Agronegocios (0.80). Invariablemente, la mejor alternativa para incrementar la productividad del agua, bajo cualquiera de los tres criterios de decisión sería dar valor real al agua. | ||
| 590 |
_aALEPH _b10 _c20130110 |
||
| 590 |
_aBATCH-UPD _b10 _c20130110 |
||
| 590 |
_aBATCH-UPD _b10 _c20130410 |
||
| 590 |
_aBATCH-UPD _b10 _c20130914 |
||
| 590 |
_aBATCH-UPD _b10 _c20140324 |
||
| 590 |
_aBATCH-UPD _b10 _c20141002 |
||
| 590 |
_aCONVERSION _b10 _c20130109 |
||
| 590 |
_aE792CSJ _b10 _c20130619 |
||
| 650 | 1 | 4 | _aAgua para irrigacion. |
| 650 | 1 | 4 | _aToma de decisiones. |
| 700 | 1 |
_aSánchez Cohen, Ignacio _edirector. |
|
| 856 |
_uhttp://10.13.5.2/tesis/102755.pdf _yDESCARGAR PDF |
||
| 901 | _aBK | ||
| 905 | _aMarco A. Mendoza T. | ||
| 942 |
_cTesis _2Clasificación Universidad Autónoma Chapingo |
||
| 942 | _n0 | ||
| 949 |
_aTesis _bBC _cTES _d1027551 _eTS1 _gDonaciØn _h44271 _i102755 _sb |
||
| 949 |
_aTesis _bBC _cTES _d33724000967014 _eTS2 _fc.2 _gDonaciØn _h44272 _i102755 _sb |
||
| 999 |
_c91220 _d91220 |
||